Affrontez l'Alphabet #30 (spécial villes européennes) - Statistiques

Statistiques générales
  • Ce quiz a été pris 69 fois
  • Le résultat moyen est 6 sur 11
Statistiques - réponses
Hint Réponse % Correct
Donne les 2 lettres manquantes dans le nom de la ville européenne en photo : _O_TO
PR
100%
Donne les 2 lettres manquantes dans le nom de la ville européenne en photo : _AL_INN
TL
88%
Donne les 2 lettres manquantes dans le nom de la ville européenne en photo : CAD_ _
IX
76%
Donne les 2 lettres manquantes dans le nom de la ville européenne en photo : _LASGO_
GW
73%
Donne les 2 lettres manquantes dans le nom de la ville européenne en photo : AN_ _RS
VE
71%
Donne les 2 lettres manquantes dans le nom de la ville européenne en photo : BR_ _
NO
49%
Donne les 2 lettres manquantes dans le nom de la ville européenne en photo : La _A_E
HY
41%
Donne les 2 lettres manquantes dans le nom de la ville européenne en photo : GR_ _
AZ
24%
Donne les 2 lettres manquantes dans le nom de la ville européenne en photo : _RE_DE
DS
24%
Donne les 2 lettres manquantes dans le nom de la ville européenne en photo :
_OR_
CK
12%
Dernière Question : Donne la lettre manquante dans le nom de la ville européenne en photo : RADO_
M
4%
Aucun quiz correspondant
Distribution des résultats
% des personnes avec chaque résultat
Percentile par nombre de réponses
Votre historique - résultats
Vous n’avez pas pris ce quiz